000 00421nam a2200181Ia 4500
001 25210
005 20260414151134.0
008 260414t2005||||xx |||||||||||||| ||spa||
041 _aESP
082 _a346.4
_bG69
100 _aGonzales Barrón, Gunther
_eAUT
245 0 _aDerechos reales
_b
260 _c2005
300 _a1132 páginas :
_c24 cm.
650 _aDER
654 _aCDE
942 _cLIB
_dJUS
_fJUS
_2ddc
_n
999 _c25210
_d25210